| 000 | 00529cam a2200229 4500 | ||
|---|---|---|---|
| 008 | 000000n1997 000 0 eng u | ||
| 020 | _a0340679921 | ||
| 035 | _a(Sirsi) u106628 | ||
| 050 | _a550 | ||
| 100 | _aRothery, David A. | ||
| 245 | _aTeach yourself geology. | ||
| 260 |
_aLondon _bHodder Headline _c1997 |
||
| 300 | _a236p. ; 20cm. | ||
| 350 | _a7.99 | ||
| 650 | _aGEOLOGY | ||
| 650 | _aVOLCANOES | ||
| 650 | _aEROSION | ||
| 650 | _aEARTH SCIENCES | ||
| 650 | _aMINERALS | ||
| 690 | _aLAND | ||
| 942 | _n0 | ||
| 999 |
_c100590 _d100590 |
||